Statistics for Countries Closest to France - One Minute Sprint

Click here to take the quiz!

General Stats

  • This quiz has been taken 76 times
  • The average score is 16 of 20

Answer Stats

kmcountrymiles% Correct
0Spain0
100%
0Belgium0
97%
0Germany0
97%
0Italy0
95%
33United Kingdom21
95%
0Andorra0
93%
0Luxembourg0
92%
61Netherlands38
92%
0Switzerland0
92%
0Monaco0
87%
412Portugal256
87%
148Austria92
82%
432Ireland268
80%
259San Marino161
79%
150Liechtenstein93
77%
240Vatican City149
74%
430Slovenia267
70%
313Czech Republic195
59%
403Croatia251
46%
450Tunisia280
21%

Score Distribution

Percentile by Number Answered

Percent of People with Each Score

Your Score History

You have not taken this quiz